Assets that are leaking money (Record no. 69655)
[ view plain ]
| 000 -LEADER | |
|---|---|
| fixed length control field | 00968cam a2200229 4500 |
| 001 - CONTROL NUMBER | |
| control field | ABS65199 |
| 008 - FIXED-LENGTH DATA ELEMENTS--GENERAL INFORMATION | |
| fixed length control field | 020301n2002 000 0 eng u |
| 035 ## - SYSTEM CONTROL NUMBER | |
| System control number | (Sirsi) u116948 |
| 100 ## - MAIN ENTRY--PERSONAL NAME | |
| Personal name | Elphick, R. |
| 245 ## - TITLE STATEMENT | |
| Title | Assets that are leaking money |
| 260 ## - PUBLICATION, DISTRIBUTION, ETC. | |
| Date of publication, distribution, etc. | 2002 |
| 490 ## - SERIES STATEMENT | |
| Series statement | Estates Gazette |
| Volume/sequential designation | (0205) 2 February 2002, 122-123(2) |
| 520 ## - SUMMARY, ETC. | |
| Summary, etc. | Provides aid on problems highlighted by Strutt & Parker's autumn 2001 survey of corporate occupiers, which found that they often fail to exploit their property assets, pay too much in rent and fees, and keep inadequate records. Suggests that companies provide their occupational teams with adequate resources, take property more seriously and take proper professional advice. |
| 590 ## - LOCAL NOTE (RLIN) | |
| Local note | ABS |
| 650 ## - SUBJECT ADDED ENTRY--TOPICAL TERM | |
| Topical term or geographic name entry element | CORPORATE OCCUPIERS |
| 650 ## - SUBJECT ADDED ENTRY--TOPICAL TERM | |
| Topical term or geographic name entry element | SURVEYS |
| 650 ## - SUBJECT ADDED ENTRY--TOPICAL TERM | |
| Topical term or geographic name entry element | COMMERCIAL OCCUPIERS |
| 650 ## - SUBJECT ADDED ENTRY--TOPICAL TERM | |
| Topical term or geographic name entry element | PROPERTY ASSETS |
| 690 ## - LOCAL SUBJECT ADDED ENTRY--TOPICAL TERM (OCLC, RLIN) | |
| Topical term or geographic name as entry element | PROPERTY MANAGEMENT-CORPORATE REAL ESTATE |
| 700 ## - ADDED ENTRY--PERSONAL NAME | |
| Personal name | Wright, J. |
| 942 ## - ADDED ENTRY ELEMENTS (KOHA) | |
| Suppress in OPAC | 0 |
| Withdrawn status | Lost status | Source of classification or shelving scheme | Damaged status | Not for loan | Home library | Current library | Shelving location | Date acquired | Total Checkouts | Full call number | Barcode | Date last seen | Copy number | Price effective from | Koha item type |
|---|---|---|---|---|---|---|---|---|---|---|---|---|---|---|---|
| Dewey Decimal Classification | London | London | Journal article | 01/03/2002 | ABS65199 | 116948-1001 | 06/08/2019 | 1 | 06/08/2019 | Journal article |